| 000 | 00779nam a2200265 a 4500 | ||
|---|---|---|---|
| 001 | 68455 | ||
| 003 | BD-RjUL | ||
| 005 | 20211209081756.0 | ||
| 008 | 170403s1971 enka 001 0 eng d | ||
| 035 | _a(BD-RjUL) 68665 | ||
| 040 |
_aDLC _cODaWU _dBD-RjUL _beng |
||
| 041 | _aeng | ||
| 082 |
_223 _a621.8 _bDOI 1971 |
||
| 100 | 1 |
_aDouce, J. L. _9202930 |
|
| 245 | 1 | 3 |
_aAn introduction to the mathematics of servomechanisms / _cJ. L.Douce |
| 250 | _a1st. ed. | ||
| 260 |
_aLondon : _bEnglish Language Book Soc. , _c1971 |
||
| 300 |
_ax, 240 p. _bill.; |
||
| 490 | 0 | _aApplied mathematics series | |
| 504 | _aBibliography: p.[233]-236. 7 Index. | ||
| 650 |
_aMachine Engineering _9144847 |
||
| 856 | _3Applied mathematics series | ||
| 942 |
_2ddc _cBK |
||
| 999 |
_c68455 _d68455 |
||